[Event "17. Open de Sants Hostafrancs 2015"]
[Site "Barcelona ESP"]
[Date "2015.08.23"]
[Round "3.41"]
[White "Serra Pages, Jordi"]
[Black "Arenas, David"]
[Result "0-1"]
[WhiteElo "2235"]
[BlackElo "2439"]
[PlyCount "122"]
[EventDate "2015.08.21"]
[EventType "swiss"]
[EventRounds "10"]
[EventCountry "ESP"]
[SourceTitle "Ajedrez en Madrid"]
[Source "lmi"]
[SourceDate "2015.08.21"]

1. d4 Nf6 2. c4 g6 3. Nc3 Bg7 4. e4 d6 5. Nf3 O-O 6. Be2 e5 7. O-O Na6 8. Be3
Ng4 9. Bg5 Qe8 10. dxe5 dxe5 11. h3 h6 12. Bc1 Nf6 13. Be3 Qe7 14. Nd5 Qd8 15.
Nxf6+ Qxf6 16. c5 Nb8 17. Qc1 Kh7 18. Rd1 Nc6 19. Rb1 a5 20. Bb5 Bxh3 21. Bxc6
bxc6 22. Bg5 Qe6 23. gxh3 Qxh3 24. Rd3 Qg4+ 25. Kh2 hxg5 26. Nxg5+ Kg8 27. Rg3
Qh4+ 28. Kg2 Bh6 29. Qe3 Qf4 30. Rh1 Qxe3 31. fxe3 Kg7 32. Kf3 Rh8 33. Rc1 Bxg5
34. Rxg5 Rh2 35. Rg2 Rah8 36. Rc3 R8h3+ 37. Kf2 Rh4 38. Ra3 Rxg2+ 39. Kxg2 Rxe4
40. Kf3 Rb4 41. Rxa5 Rxb2 42. Ra6 f5 43. e4 Rc2 44. Rxc6 Rxa2 45. Re6 Rc2 46.
Rc6 Rc4 47. exf5 gxf5 48. Kg3 Kf7 49. Kh3 Ke7 50. Rxc7+ Ke6 51. c6 Kd5 52. Rf7
Rxc6 53. Rxf5 Rg6 54. Rf1 e4 55. Rd1+ Kc4 56. Rc1+ Kd3 57. Rd1+ Ke2 58. Rd8 e3
59. Rd7 Ke1 60. Kh2 e2 61. Rd8 Rg5 0-1

[Event "17. Open de Sants Hostafrancs 2015"]
[Site "Barcelona ESP"]
[Date "2015.08.23"]
[Round "3.42"]
[White "Roig Aguilar, Alejandro"]
[Black "Wegerle, Joerg"]
[Result "0-1"]
[WhiteElo "2219"]
[BlackElo "2430"]
[PlyCount "96"]
[EventDate "2015.08.21"]
[EventType "swiss"]
[EventRounds "10"]
[EventCountry "ESP"]
[SourceTitle "Ajedrez en Madrid"]
[Source "lmi"]
[SourceDate "2015.08.21"]

1. d4 Nf6 2. c4 e6 3. Nc3 Bb4 4. g3 c5 5. Nf3 Bxc3+ 6. bxc3 Qa5 7. Bd2 b6 8.
Bg2 Bb7 9. O-O Qa6 10. dxc5 bxc5 11. Qb3 O-O 12. Bf4 Be4 13. Bg5 Nc6 14. Qb5
Qb6 15. Be3 d6 16. Rfd1 Qc7 17. Qa4 Rab8 18. Bh3 Rb6 19. Ng5 Bg6 20. Bg2 h6 21.
Nh3 e5 22. f4 Ng4 23. Bc1 e4 24. Nf2 Nxf2 25. Kxf2 f5 26. Bf1 Rfb8 27. Be3 Bf7
28. Rd2 Ne7 29. Rad1 Rc6 30. g4 g6 31. gxf5 gxf5 32. Bh3 Kh7 33. Rd5 Bxd5 34.
cxd5 Rcb6 35. Rg1 Rf8 36. Rg3 Nxd5 37. Bc1 c4 38. Qd1 e3+ 39. Bxe3 Nxc3 40. Qc2
Ne4+ 41. Ke1 Nxg3 42. Bxb6 Qxb6 43. hxg3 Qg1+ 44. Kd2 Qd4+ 45. Ke1 Kg6 46. g4
Qxf4 47. gxf5+ Kh5 48. Qc3 Rg8 0-1

[Event "17. Open de Sants Hostafrancs 2015"]
[Site "Barcelona ESP"]
[Date "2015.08.23"]
[Round "3.43"]
[White "Jeitz, Christian"]
[Black "Pile, Richard"]
[Result "0-1"]
[WhiteElo "2203"]
[BlackElo "2419"]
[PlyCount "88"]
[EventDate "2015.08.21"]
[EventType "swiss"]
[EventRounds "10"]
[EventCountry "ESP"]
[SourceTitle "Ajedrez en Madrid"]
[Source "lmi"]
[SourceDate "2015.08.21"]

1. e4 c5 2. Nf3 e6 3. g3 b6 4. Bg2 Bb7 5. d3 Nf6 6. O-O d5 7. e5 Nfd7 8. Qe2
Nc6 9. Bf4 Be7 10. h4 h6 11. h5 b5 12. Nbd2 b4 13. c4 bxc3 14. bxc3 O-O 15. c4
Nb6 16. Rfc1 Qd7 17. Nb3 Rac8 18. cxd5 Nxd5 19. Be3 Nxe3 20. Qxe3 Nb4 21. Ne1
Bxg2 22. Kxg2 Qd5+ 23. Kg1 f6 24. d4 c4 25. Nd2 fxe5 26. Qxe5 Nc6 27. Qxd5 exd5
28. Nc2 Bb4 29. Nxb4 Nxb4 30. Nf1 Nd3 31. Rc2 Rf5 32. Rb1 Rxh5 33. Rb7 Ne1 34.
Rc3 Rf8 35. f4 Re8 36. Kf2 Nd3+ 37. Kf3 g5 38. f5 g4+ 39. Kxg4 Rg5+ 40. Kh3
Rxf5 41. Rb1 Re2 42. a4 Kg7 43. Kg4 Kg6 44. Kh4 Ref2 0-1

[Event "17. Open de Sants Hostafrancs 2015"]
[Site "Barcelona ESP"]
[Date "2015.08.23"]
[Round "3.44"]
[White "Perske, Thore"]
[Black "Capellades Subirana, Marc"]
[Result "1-0"]
[WhiteElo "2408"]
[BlackElo "2199"]
[PlyCount "109"]
[EventDate "2015.08.21"]
[EventType "swiss"]
[EventRounds "10"]
[EventCountry "ESP"]
[SourceTitle "Ajedrez en Madrid"]
[Source "lmi"]
[SourceDate "2015.08.21"]

1. e4 e5 2. Nf3 Nc6 3. Bb5 g6 4. c3 Bg7 5. d4 Nge7 6. d5 Nb8 7. d6 cxd6 8. Qxd6
f6 9. Be3 b6 10. h4 Bb7 11. Nbd2 Nc8 12. Qd3 Qc7 13. h5 Nd6 14. hxg6 hxg6 15.
Rxh8+ Bxh8 16. Nh4 g5 17. Nf5 Nxf5 18. exf5 Bg7 19. Ne4 Bxe4 20. Qxe4 Nc6 21.
Ba6 Ke7 22. O-O-O Rh8 23. Kb1 Kd8 24. g3 Nb8 25. Bb5 Kc8 26. Qa8 d6 27. a4 Bf8
28. a5 Qb7 29. Qxb7+ Kxb7 30. axb6 axb6 31. Kc2 Na6 32. Be2 Nb8 33. Bf3+ Nc6
34. Ra1 Be7 35. b4 Kc7 36. Kb3 Rb8 37. Ra6 Bd8 38. Bd5 Kd7 39. c4 Bc7 40. Ka4
Nd4 41. Bxd4 exd4 42. Kb5 d3 43. Ra3 Rh8 44. Be6+ Ke7 45. Rxd3 d5 46. Bxd5 Rh2
47. Kc6 Be5 48. Kxb6 Rxf2 49. c5 Rb2 50. b5 Rb4 51. c6 g4 52. Be6 Rb2 53. Rd7+
Ke8 54. c7 Rc2 55. Kb7 1-0

[Event "17. Open de Sants Hostafrancs 2015"]
[Site "Barcelona ESP"]
[Date "2015.08.23"]
[Round "3.45"]
[White "Lorenzo De La Riva, Lazaro"]
[Black "Malassagne, Isabelle"]
[Result "1-0"]
[WhiteElo "2372"]
[BlackElo "2171"]
[PlyCount "57"]
[EventDate "2015.08.21"]
[EventType "swiss"]
[EventRounds "10"]
[EventCountry "ESP"]
[SourceTitle "Ajedrez en Madrid"]
[Source "lmi"]
[SourceDate "2015.08.21"]

1. Nf3 Nf6 2. c4 g6 3. Nc3 d5 4. d4 Bg7 5. h4 c6 6. Bg5 Ne4 7. e3 Nxc3 8. bxc3
O-O 9. Qb3 Qc7 10. h5 Bf5 11. hxg6 hxg6 12. Rc1 Rd8 13. Be2 Bf6 14. Kd2 Qb6 15.
Rh2 Qxb3 16. axb3 Nd7 17. Rch1 Bxg5 18. Nxg5 Nf6 19. g4 Bd7 20. f3 Kf8 21. e4
dxe4 22. fxe4 e5 23. Rf2 Ke7 24. Rhf1 Nxe4+ 25. Nxe4 f5 26. gxf5 gxf5 27. Nc5
f4 28. Nxd7 Rxd7 29. Bg4 1-0

[Event "17. Open de Sants Hostafrancs 2015"]
[Site "Barcelona ESP"]
[Date "2015.08.23"]
[Round "3.46"]
[White "Soraas, Torben"]
[Black "Midoux, Sebastien"]
[Result "1/2-1/2"]
[WhiteElo "2194"]
[BlackElo "2344"]
[PlyCount "97"]
[EventDate "2015.08.21"]
[EventType "swiss"]
[EventRounds "10"]
[EventCountry "ESP"]
[SourceTitle "Ajedrez en Madrid"]
[Source "lmi"]
[SourceDate "2015.08.21"]

1. e4 e6 2. d4 d5 3. Nd2 Be7 4. Bd3 c5 5. dxc5 Nf6 6. exd5 Qxd5 7. Ngf3 Qxc5 8.
O-O O-O 9. Nc4 Nbd7 10. Bf4 Nd5 11. Bg3 b5 12. Nce5 g6 13. Qd2 Bf6 14. Qh6 Nxe5
15. Bxe5 Bxe5 16. Nxe5 Qd4 17. Rae1 Qf4 18. Qh3 Qg5 19. f4 Qe7 20. Kh1 a6 21.
f5 gxf5 22. Bxf5 exf5 23. Qg3+ Kh8 24. Ng6+ hxg6 25. Rxe7 Nxe7 26. Qe5+ Kg8 27.
Qxe7 Be6 28. Qf6 Rfe8 29. h4 Bc4 30. Rf3 Re6 31. Qg5 Kg7 32. Rxf5 Rh8 33. Rf4
Rh5 34. Qg3 Rhe5 35. Qf2 Re1+ 36. Kh2 R6e3 37. Qd2 R1e2 38. Qd4+ Re5 39. Rg4
Kh7 40. b3 Be6 41. Rf4 Rd5 42. Qa7 Rdd2 43. Rxf7+ Bxf7 44. Qxf7+ Kh6 45. Qf8+
Kh7 46. Qf7+ Kh6 47. Qf8+ Kh7 48. Qf7+ Kh6 49. Qf8+ 1/2-1/2

[Event "17. Open de Sants Hostafrancs 2015"]
[Site "Barcelona ESP"]
[Date "2015.08.23"]
[Round "3.47"]
[White "Shatko, Danil"]
[Black "Colon Garcia, Enrique"]
[Result "0-1"]
[WhiteElo "2177"]
[BlackElo "2328"]
[PlyCount "72"]
[EventDate "2015.08.21"]
[EventType "swiss"]
[EventRounds "10"]
[EventCountry "ESP"]
[SourceTitle "Ajedrez en Madrid"]
[Source "lmi"]
[SourceDate "2015.08.21"]

1. d4 Nf6 2. c4 e6 3. Nc3 Bb4 4. e3 b6 5. Nge2 c5 6. a3 Ba5 7. Rb1 Na6 8. f3
O-O 9. Kf2 d5 10. g4 dxc4 11. g5 Nd5 12. e4 Nxc3 13. bxc3 cxd4 14. cxd4 Nc5 15.
Nf4 Nb3 16. Bxc4 Nxc1 17. Rxc1 Qxg5 18. Ng2 Bb7 19. Rc2 Rfd8 20. h4 Qf6 21. e5
Qe7 22. Qd3 b5 23. Bxb5 Rxd4 24. Qb3 Rd5 25. Qb2 Bb6+ 26. Kg3 Bd4 27. Qb3 Bxe5+
28. f4 Bd6 29. Re1 Rd4 30. Qc3 Qf6 31. Rf1 h5 32. Bc6 Rc8 33. Bxb7 Rxc3+ 34.
Rxc3 e5 35. Rcf3 exf4+ 36. Nxf4 g5 0-1

[Event "17. Open de Sants Hostafrancs 2015"]
[Site "Barcelona ESP"]
[Date "2015.08.23"]
[Round "3.48"]
[White "Locatelli, Andrea"]
[Black "Sochacki, Wojtek"]
[Result "0-1"]
[WhiteElo "2171"]
[BlackElo "2324"]
[PlyCount "64"]
[EventDate "2015.08.21"]
[EventType "swiss"]
[EventRounds "10"]
[EventCountry "ESP"]
[SourceTitle "Ajedrez en Madrid"]
[Source "lmi"]
[SourceDate "2015.08.21"]

1. e4 c5 2. Nf3 d6 3. c3 Nf6 4. Bd3 g6 5. Bc2 Bg7 6. O-O O-O 7. d3 Nc6 8. Re1
e5 9. Bg5 h6 10. Bxf6 Qxf6 11. Nbd2 Qd8 12. Nc4 f5 13. Ne3 f4 14. Nd5 g5 15.
Nd2 g4 16. g3 Kh8 17. a3 Rb8 18. b4 b6 19. Rb1 Rb7 20. Ba4 Ne7 21. Nxe7 Rxe7
22. Bb3 Qe8 23. Nf1 Qh5 24. Re2 Qh3 25. Rd2 Bf6 26. d4 Bg5 27. Rbb2 exd4 28.
cxd4 f3 29. Ne3 Rxe4 30. Bd5 Rxe3 31. fxe3 Bxe3+ 32. Kh1 Bxd2 0-1

[Event "17. Open de Sants Hostafrancs 2015"]
[Site "Barcelona ESP"]
[Date "2015.08.23"]
[Round "3.49"]
[White "Martorell Aguado, Joan"]
[Black "Faerman, Igor"]
[Result "1/2-1/2"]
[WhiteElo "2165"]
[BlackElo "2297"]
[PlyCount "30"]
[EventDate "2015.08.21"]
[EventType "swiss"]
[EventRounds "10"]
[EventCountry "ESP"]
[SourceTitle "Ajedrez en Madrid"]
[Source "lmi"]
[SourceDate "2015.08.21"]

1. d4 d5 2. Nf3 c6 3. g3 Nf6 4. Bg2 Bf5 5. O-O h6 6. c4 e6 7. Nc3 Nbd7 8. Re1
Be7 9. Nd2 O-O 10. e4 dxe4 11. Ndxe4 Nxe4 12. Nxe4 Nf6 13. Bf4 Nxe4 14. Bxe4
Bxe4 15. Rxe4 Qd7 1/2-1/2

[Event "17. Open de Sants Hostafrancs 2015"]
[Site "Barcelona ESP"]
[Date "2015.08.23"]
[Round "3.50"]
[White "Jaksland, Tim"]
[Black "Zoldan, Matteo"]
[Result "1/2-1/2"]
[WhiteElo "2292"]
[BlackElo "2156"]
[PlyCount "82"]
[EventDate "2015.08.21"]
[EventType "swiss"]
[EventRounds "10"]
[EventCountry "ESP"]
[SourceTitle "Ajedrez en Madrid"]
[Source "lmi"]
[SourceDate "2015.08.21"]

1. d4 Nf6 2. Nf3 g6 3. c4 Bg7 4. g3 O-O 5. Bg2 d6 6. O-O Nc6 7. Nc3 e5 8. dxe5
Nxe5 9. Nxe5 dxe5 10. Qxd8 Rxd8 11. Bg5 Rd7 12. Rad1 c6 13. b3 Rxd1 14. Rxd1
Be6 15. Be3 Kf8 16. h3 Ke8 17. g4 h6 18. Na4 Nd7 19. Bf3 a6 20. Nc5 Nxc5 21.
Bxc5 Rd8 22. Rxd8+ Kxd8 23. a4 f5 24. e3 Ke8 25. Kg2 Bf8 26. Bb6 Kd7 27. Bd1
Bd6 28. Bc2 Ke7 29. f3 Ke8 30. Kf2 Ke7 31. Kg2 Kd7 32. Kg3 c5 33. gxf5 gxf5 34.
e4 f4+ 35. Kg2 Be7 36. Ba5 h5 37. Be1 h4 38. Bc3 Bd6 39. Bd3 Kc6 40. Be1 Be7
41. Bc3 Bd6 1/2-1/2

[Event "17. Open de Sants Hostafrancs 2015"]
[Site "Barcelona ESP"]
[Date "2015.08.23"]
[Round "3.51"]
[White "Forestie, Pierre"]
[Black "Ruiz Mata, Oscar"]
[Result "1/2-1/2"]
[WhiteElo "2132"]
[BlackElo "2290"]
[PlyCount "81"]
[EventDate "2015.08.21"]
[EventType "swiss"]
[EventRounds "10"]
[EventCountry "ESP"]
[SourceTitle "Ajedrez en Madrid"]
[Source "lmi"]
[SourceDate "2015.08.21"]

1. e4 e5 2. Nc3 Nf6 3. Bc4 Nc6 4. Nf3 Nxe4 5. Nxe4 d5 6. Bd3 dxe4 7. Bxe4 Bd6
8. d4 exd4 9. Nxd4 Bb4+ 10. c3 Nxd4 11. Qa4+ Nc6 12. Bxc6+ bxc6 13. Qxb4 Qd6
14. Qa4 O-O 15. O-O c5 16. Bf4 Qa6 17. Qxa6 Bxa6 18. Rfe1 Rfe8 19. Bxc7 Bd3 20.
b3 c4 21. f3 f6 22. Kf2 Kf7 23. h4 Rac8 24. Ba5 Rc6 25. Rxe8 Kxe8 26. Re1+ Kf7
27. Bb4 Re6 28. Rxe6 Kxe6 29. Bf8 g6 30. Ke3 Kd5 31. Be7 f5 32. b4 Bf1 33. g3
Bd3 34. a4 Bc2 35. Kf4 Bxa4 36. Kg5 a6 37. Kh6 Ke6 38. Kxh7 Kf7 39. g4 fxg4 40.
fxg4 Bd1 41. Bd8 1/2-1/2

[Event "17. Open de Sants Hostafrancs 2015"]
[Site "Barcelona ESP"]
[Date "2015.08.23"]
[Round "3.52"]
[White "Edouard, Romain"]
[Black "Podvin, Francois-Xavier"]
[Result "1-0"]
[WhiteElo "2634"]
[BlackElo "2151"]
[PlyCount "53"]
[EventDate "2015.08.21"]
[EventType "swiss"]
[EventRounds "10"]
[EventCountry "ESP"]
[SourceTitle "Ajedrez en Madrid"]
[Source "lmi"]
[SourceDate "2015.08.21"]

1. e4 c5 2. Nf3 d6 3. Bb5+ Nc6 4. O-O Bd7 5. Re1 a6 6. Bxc6 Bxc6 7. d4 cxd4 8.
Nxd4 Nf6 9. Nxc6 bxc6 10. c4 g6 11. Qa4 Qd7 12. Nc3 Bg7 13. h3 O-O 14. Bg5 h6
15. Be3 Qb7 16. Qc2 Nd7 17. b3 a5 18. Rad1 Kh7 19. f4 c5 20. Bf2 Nb8 21. e5
dxe5 22. fxe5 Nc6 23. Bxc5 Bxe5 24. Nd5 Rfe8 25. Qf2 f5 26. Qf3 Bf6 27. Re6 1-0

[Event "17. Open de Sants Hostafrancs 2015"]
[Site "Barcelona ESP"]
[Date "2015.08.23"]
[Round "3.53"]
[White "Narciso Dublan, Marc"]
[Black "Moreto Quintana, Alex"]
[Result "1-0"]
[WhiteElo "2532"]
[BlackElo "2117"]
[PlyCount "57"]
[EventDate "2015.08.21"]
[EventType "swiss"]
[EventRounds "10"]
[EventCountry "ESP"]
[SourceTitle "Ajedrez en Madrid"]
[Source "lmi"]
[SourceDate "2015.08.21"]

1. d4 Nf6 2. c4 c5 3. d5 b5 4. cxb5 a6 5. bxa6 g6 6. Nc3 Bxa6 7. e4 Bxf1 8.
Kxf1 d6 9. g3 Bg7 10. Kg2 O-O 11. Nge2 Nbd7 12. Rb1 Qa5 13. b3 Qa6 14. a4 Rfc8
15. Qc2 Ne5 16. Rd1 c4 17. b4 Nd3 18. h3 Qb7 19. a5 Rcb8 20. Nf4 Ne5 21. Be3
Nfd7 22. Qa4 Nd3 23. Nxd3 Bxc3 24. Rdc1 cxd3 25. Rxc3 f5 26. Rbc1 Nf6 27. Rc7
Qxb4 28. Rc8+ Kf7 29. Qxb4 1-0

[Event "17. Open de Sants Hostafrancs 2015"]
[Site "Barcelona ESP"]
[Date "2015.08.23"]
[Round "3.54"]
[White "Dobrov, Vladimir"]
[Black "Tuchenhagen, Axel"]
[Result "1-0"]
[WhiteElo "2527"]
[BlackElo "2116"]
[PlyCount "63"]
[EventDate "2015.08.21"]
[EventType "swiss"]
[EventRounds "10"]
[EventCountry "ESP"]
[SourceTitle "Ajedrez en Madrid"]
[Source "lmi"]
[SourceDate "2015.08.21"]

1. d4 d5 2. c4 e6 3. Nc3 Nf6 4. cxd5 exd5 5. Bg5 Be7 6. e3 O-O 7. Bd3 Nbd7 8.
Nge2 Re8 9. Qc2 c6 10. f3 Nf8 11. Bh4 N6d7 12. Bf2 Bh4 13. g3 Bg5 14. f4 Bf6
15. g4 Bh4 16. g5 Bxf2+ 17. Kxf2 Qe7 18. Qd2 Nb6 19. b3 a5 20. a4 Bd7 21. h4
Nc8 22. Ng3 Qb4 23. Qc2 Nd6 24. f5 Rad8 25. Nce2 Bc8 26. Nf4 Rd7 27. f6 gxf6
28. Ngh5 Rde7 29. Nxf6+ Kh8 30. Nxe8 Nxe8 31. Rae1 Ng6 32. Nh5 1-0

[Event "17. Open de Sants Hostafrancs 2015"]
[Site "Barcelona ESP"]
[Date "2015.08.23"]
[Round "3.55"]
[White "Cruz, Jonathan"]
[Black "Balague Camps, Marc"]
[Result "1-0"]
[WhiteElo "2450"]
[BlackElo "2115"]
[PlyCount "127"]
[EventDate "2015.08.21"]
[EventType "swiss"]
[EventRounds "10"]
[EventCountry "ESP"]
[SourceTitle "Ajedrez en Madrid"]
[Source "lmi"]
[SourceDate "2015.08.21"]

1. Nf3 d5 2. c4 d4 3. e3 Nc6 4. c5 a6 5. Qa4 dxe3 6. fxe3 Bd7 7. Qf4 Nf6 8. d4
b6 9. a3 bxc5 10. dxc5 a5 11. Nc3 e6 12. Nb5 Nd5 13. Qg3 Na7 14. Nxa7 Rxa7 15.
Ne5 Bxc5 16. e4 Nb6 17. Nxd7 Nxd7 18. Qxg7 Qh4+ 19. Kd1 Rf8 20. Bd3 Bd6 21. g3
Qh5+ 22. Be2 Qc5 23. Qc3 Qxc3 24. bxc3 Rb7 25. a4 Ke7 26. Bb5 Ne5 27. Kc2 c6
28. Be2 Rfb8 29. Rf1 f6 30. Ra2 Nd7 31. Be3 Be5 32. Bc4 Bd6 33. g4 Rg8 34. h3
h5 35. gxh5 Rg3 36. Bd2 Nc5 37. h6 Nxe4 38. Re1 f5 39. h4 Bf4 40. h7 Be5 41.
Bd3 Kd6 42. Bxe4 fxe4 43. h8=Q Bxh8 44. Bf4+ Be5 45. Bxg3 Bxg3 46. Rxe4 Rh7 47.
Kb3 e5 48. Rd2+ Ke6 49. Rc4 Kf5 50. Rxc6 Ke4 51. Kc2 Bf4 52. Rc4+ Kf3 53. Rd1
Rxh4 54. Kd3 Rh3 55. Re4 Kf2+ 56. Kc4 Re3 57. Rxe3 Kxe3 58. Kd5 Ke2 59. Ra1 Kd3
60. c4 Kc3 61. c5 Kb4 62. c6 e4 63. Kxe4 Bh2 64. Kd5 1-0

[Event "17. Open de Sants Hostafrancs 2015"]
[Site "Barcelona ESP"]
[Date "2015.08.23"]
[Round "3.56"]
[White "Abergel, Thal"]
[Black "Garcia-Castany Musellas, Gal.L"]
[Result "1-0"]
[WhiteElo "2433"]
[BlackElo "2107"]
[PlyCount "137"]
[EventDate "2015.08.21"]
[EventType "swiss"]
[EventRounds "10"]
[EventCountry "ESP"]
[SourceTitle "Ajedrez en Madrid"]
[Source "lmi"]
[SourceDate "2015.08.21"]

1. e4 e5 2. Nf3 Nc6 3. Bc4 Bc5 4. d3 Nf6 5. Qe2 d6 6. c3 a6 7. b4 Ba7 8. Be3 b5
9. Bb3 Bxe3 10. fxe3 O-O 11. O-O a5 12. Qe1 Be6 13. bxa5 Rxa5 14. Nbd2 Qd7 15.
Nh4 Ne7 16. c4 Rfa8 17. h3 c6 18. Rc1 d5 19. exd5 cxd5 20. c5 d4 21. e4 Bxb3
22. axb3 Nh5 23. Nf5 Nf4 24. c6 Qe6 25. c7 Nc8 26. Qh4 Qf6 27. Qxf6 gxf6 28.
Rxf4 exf4 29. Rc5 b4 30. Rd5 Rxd5 31. exd5 Kf8 32. Ne4 Ra7 33. d6 Nxd6 34.
Nexd6 Rxc7 35. Nc4 Rc5 36. Nh4 Ke7 37. Nf3 Rd5 38. Kf2 Kd8 39. Nfd2 Ke7 40. Kf3
Rg5 41. Kf2 Rg8 42. Nf3 Rd8 43. Na5 Rd6 44. Nc4 Rd8 45. Ne1 Ra8 46. Kf3 Ra2 47.
Kxf4 Ke6 48. Nf3 Kd5 49. g4 Rg2 50. Nb6+ Kd6 51. Nxd4 Rh2 52. Kg3 Rh1 53. Nc4+
Kd5 54. Nf3 Rc1 55. Ncd2 Rc3 56. d4 Rc6 57. Kf4 Re6 58. Kf5 Rc6 59. Ne4 Rc1 60.
Nxf6+ Kd6 61. Ne4+ Kd5 62. Ned2 Rc6 63. h4 Ra6 64. h5 Rh6 65. Ne4 Rc6 66. Nf6+
Kd6 67. Ne5 Rc7 68. Nc4+ Kc6 69. d5+ 1-0

[Event "17. Open de Sants Hostafrancs 2015"]
[Site "Barcelona ESP"]
[Date "2015.08.23"]
[Round "3.57"]
[White "Vidal, Llewellyn"]
[Black "Morawietz, Dieter"]
[Result "1-0"]
[WhiteElo "2117"]
[BlackElo "2430"]
[PlyCount "75"]
[EventDate "2015.08.21"]
[EventType "swiss"]
[EventRounds "10"]
[EventCountry "ESP"]
[SourceTitle "Ajedrez en Madrid"]
[Source "lmi"]
[SourceDate "2015.08.21"]

1. c4 e5 2. g3 Nf6 3. Bg2 c6 4. d4 Bb4+ 5. Bd2 Bxd2+ 6. Qxd2 d6 7. Nc3 O-O 8.
e4 Re8 9. Nge2 Nbd7 10. O-O Qe7 11. Rfe1 a6 12. Rac1 b5 13. d5 b4 14. Nd1 cxd5
15. cxd5 Nc5 16. f3 a5 17. b3 Ba6 18. Nb2 Rf8 19. g4 h5 20. Ng3 hxg4 21. Nf5
Qa7 22. Kh1 Ne8 23. Qg5 g6 24. fxg4 Bc8 25. Re3 Bxf5 26. gxf5 f6 27. Qxg6+ Ng7
28. Rh3 Rf7 29. Bf3 Kf8 30. Rh8+ Ke7 31. Rh7 Nxe4 32. Rxg7 Ng5 33. Rxf7+ Nxf7
34. Bh5 Rf8 35. Qg1 Qb7 36. Rc6 Qb5 37. Qa7+ Kd8 38. Qc7+ 1-0

[Event "17. Open de Sants Hostafrancs 2015"]
[Site "Barcelona ESP"]
[Date "2015.08.23"]
[Round "3.58"]
[White "Najart, David"]
[Black "Mascaro March, Pedro"]
[Result "0-1"]
[WhiteElo "2115"]
[BlackElo "2414"]
[PlyCount "96"]
[EventDate "2015.08.21"]
[EventType "swiss"]
[EventRounds "10"]
[EventCountry "ESP"]
[SourceTitle "Ajedrez en Madrid"]
[Source "lmi"]
[SourceDate "2015.08.21"]

1. d4 Nf6 2. c4 e6 3. Nc3 Bb4 4. Qc2 d5 5. cxd5 exd5 6. Bg5 O-O 7. e3 Nbd7 8.
Nf3 c5 9. Be2 Qa5 10. O-O c4 11. Nd2 Re8 12. Bh4 h6 13. Rfe1 g5 14. Bg3 Nb6 15.
Be5 Nfd7 16. Bc7 Bxc3 17. bxc3 Qa4 18. Bd1 Qc6 19. Bg3 Nf6 20. f3 Nh5 21. e4
Nxg3 22. hxg3 Bf5 23. a4 a5 24. Qb1 dxe4 25. fxe4 Qc7 26. Nf1 Nd5 27. Qc2 Bg6
28. Bf3 Nf6 29. g4 Qf4 30. Nd2 Nxg4 31. Bxg4 Qxg4 32. Qa2 Bxe4 33. Nxe4 Rxe4
34. Rxe4 Qxe4 35. Qxc4 Re8 36. Rf1 Re7 37. Qc5 Qe3+ 38. Kh1 Re4 39. g3 Qxg3 40.
Qc8+ Kg7 41. Rxf7+ Kxf7 42. Qf5+ Kg7 43. Qxe4 Qh3+ 44. Kg1 Qg3+ 45. Kh1 Qxc3
46. Qxb7+ Kf6 47. Qe4 Qh3+ 48. Kg1 Qg3+ 0-1

[Event "17. Open de Sants Hostafrancs 2015"]
[Site "Barcelona ESP"]
[Date "2015.08.23"]
[Round "3.59"]
[White "Mullon, Jean-Baptiste"]
[Black "Mayr, Florian"]
[Result "1-0"]
[WhiteElo "2402"]
[BlackElo "2105"]
[PlyCount "45"]
[EventDate "2015.08.21"]
[EventType "swiss"]
[EventRounds "10"]
[EventCountry "ESP"]
[SourceTitle "Ajedrez en Madrid"]
[Source "lmi"]
[SourceDate "2015.08.21"]

1. e4 c5 2. Nf3 e6 3. d4 cxd4 4. Nxd4 a6 5. c4 Qc7 6. Nc3 b6 7. Be2 Bb7 8. a3
Be7 9. O-O Nc6 10. Be3 Rc8 11. Rc1 Nf6 12. Nd5 exd5 13. cxd5 Nxd4 14. Rxc7
Nxe2+ 15. Qxe2 Rxc7 16. d6 Bxd6 17. e5 Be7 18. exf6 gxf6 19. Qg4 Rc6 20. Qg7
Rf8 21. Rc1 Re6 22. Rc7 Be4 23. Rc8+ 1-0

[Event "17. Open de Sants Hostafrancs 2015"]
[Site "Barcelona ESP"]
[Date "2015.08.23"]
[Round "3.60"]
[White "Marches Rios, Joan Manuel"]
[Black "Majdan-Gajewska, Joanna"]
[Result "0-1"]
[WhiteElo "2107"]
[BlackElo "2391"]
[PlyCount "64"]
[EventDate "2015.08.21"]
[EventType "swiss"]
[EventRounds "10"]
[EventCountry "ESP"]
[SourceTitle "Ajedrez en Madrid"]
[Source "lmi"]
[SourceDate "2015.08.21"]

1. d4 d5 2. Nf3 e6 3. c4 c6 4. e3 Bd6 5. Nc3 f5 6. Bd3 Nh6 7. Qc2 Nd7 8. b3 O-O
9. Bb2 Qe7 10. O-O Rf6 11. Ne2 Nf7 12. Ng3 g5 13. Nd2 Rh6 14. Rfe1 g4 15. Ndf1
Nf6 16. f3 gxf3 17. gxf3 Ng5 18. Qg2 Rg6 19. Kh1 Qg7 20. Qe2 h5 21. h4 Nge4 22.
fxe4 fxe4 23. Bc2 Bd7 24. Bd1 Kh7 25. Qf2 Rg8 26. Be2 Bxg3 27. Nxg3 Rxg3 28.
Qh2 Rg2 29. Qf4 Rg3 30. Qf1 e5 31. dxe5 Rh3+ 32. Qxh3 Bxh3 0-1

[Event "17. Open de Sants Hostafrancs 2015"]
[Site "Barcelona ESP"]
[Date "2015.08.23"]
[Round "3.61"]
[White "Grollemund, Bertrand"]
[Black "Hernando Rodrigo, Julio Antoni"]
[Result "1/2-1/2"]
[WhiteElo "2104"]
[BlackElo "2389"]
[PlyCount "149"]
[EventDate "2015.08.21"]
[EventType "swiss"]
[EventRounds "10"]
[EventCountry "ESP"]
[SourceTitle "Ajedrez en Madrid"]
[Source "lmi"]
[SourceDate "2015.08.21"]

1. g3 c5 2. Bg2 Nc6 3. e4 g6 4. Ne2 Bg7 5. O-O e6 6. d3 Nge7 7. c3 d5 8. Nd2
O-O 9. Nf3 dxe4 10. dxe4 b6 11. Be3 Qc7 12. Qc1 Ba6 13. Re1 Bd3 14. Ng5 Ne5 15.
f4 Ng4 16. Bf3 Nxe3 17. Qxe3 Rad8 18. Rad1 Bb5 19. g4 Bxe2 20. Bxe2 Bh6 21. Nh3
e5 22. g5 exf4 23. Qf3 Bg7 24. Nxf4 Be5 25. Rxd8 Rxd8 26. Rf1 Bxf4 27. Qxf4
Qxf4 28. Rxf4 Nc6 29. Bc4 Ne5 30. Bd5 Kg7 31. h4 Rf8 32. Rf6 h6 33. a4 hxg5 34.
hxg5 Rh8 35. a5 bxa5 36. Ra6 Rb8 37. b3 Nf3+ 38. Kg2 Nxg5 39. Rxa5 Ne6 40. Kg3
Nc7 41. Bc4 Rb7 42. Rxc5 Kf6 43. b4 Ne6 44. Bxe6 Kxe6 45. Kf4 Rb6 46. Kg5 a6
47. Rc7 Rb5+ 48. Kf4 a5 49. bxa5 Rxa5 50. Rc6+ Kd7 51. Rf6 Ke7 52. Rc6 Ra1 53.
Ke5 f6+ 54. Kf4 g5+ 55. Ke3 Re1+ 56. Kd4 Rd1+ 57. Ke3 Re1+ 58. Kd4 g4 59. Rc7+
Kf8 60. Ra7 g3 61. Ra2 Rg1 62. Ke3 Kf7 63. Kf3 Ke6 64. Rc2 Ke5 65. c4 Ra1 66.
Kxg3 Kxe4 67. c5 Ra3+ 68. Kg2 Ra7 69. c6 Rg7+ 70. Kf2 Rc7 71. Kg3 Ke5 72. Kf3
Kd5 73. Kf4 Rxc6 74. Rxc6 Kxc6 75. Kf5 1/2-1/2